<?xml version="1.0" encoding="UTF-8"?>
<record
    xmlns:xsi="http://www.w3.org/2001/XMLSchema-instance"
    xsi:schemaLocation="http://www.loc.gov/MARC21/slim http://www.loc.gov/standards/marcxml/schema/MARC21slim.xsd"
    xmlns="http://www.loc.gov/MARC21/slim">

  <leader>02346cam a22002774a 4500</leader>
  <controlfield tag="003">OSt</controlfield>
  <controlfield tag="005">20240530110418.0</controlfield>
  <controlfield tag="008">050913s2006    nyua     b    001 0 eng  </controlfield>
  <datafield tag="020" ind1=" " ind2=" ">
    <subfield code="a">9774249968</subfield>
  </datafield>
  <datafield tag="040" ind1=" " ind2=" ">
    <subfield code="a">EG-CaGPL</subfield>
    <subfield code="c">EG-CaGPL</subfield>
  </datafield>
  <datafield tag="082" ind1="0" ind2="0">
    <subfield code="2">21</subfield>
    <subfield code="a">728.82</subfield>
    <subfield code="b">CC/J E</subfield>
  </datafield>
  <datafield tag="100" ind1="1" ind2=" ">
    <subfield code="a">Johnston, Shirley.</subfield>
  </datafield>
  <datafield tag="245" ind1="1" ind2="0">
    <subfield code="a">Egyptian palaces and villas :</subfield>
    <subfield code="b">pashas, khedives, and kings /</subfield>
    <subfield code="c">Shirley Johnston, with Sherif Sonbol.</subfield>
  </datafield>
  <datafield tag="260" ind1=" " ind2=" ">
    <subfield code="a">Cairo :</subfield>
    <subfield code="b">The American University in Cairo,</subfield>
    <subfield code="c">c2006.</subfield>
  </datafield>
  <datafield tag="300" ind1=" " ind2=" ">
    <subfield code="a">207 p. :</subfield>
    <subfield code="b">col. ill. ;</subfield>
    <subfield code="c">32 cm.</subfield>
  </datafield>
  <datafield tag="504" ind1=" " ind2=" ">
    <subfield code="a">Includes bibliographical references (p. 204) and index.</subfield>
  </datafield>
  <datafield tag="505" ind1="0" ind2=" ">
    <subfield code="a">Gawhara Palace -- Shoubra Palace : Nymphaeum -- Ras El-Tin Palace -- Hosh Al-Basha -- Monasterly Salamlik -- Mena House -- Gezira Palace -- Abdin Palace -- Antoniadis Villa and Gardens -- The Khedive Ismail's rest house -- Abd El-Razik Salamlik -- Mohammed Amin Wali House -- L'H&#xF4;tel Saint-Maurice -- The Residency "Bayt Al-Lurd" -- Fatima Hanem Chahin House -- The Winter Palace -- Montaza Palace and Salamlik -- The Cataract -- El-Masri Pasha Salamlik -- Bindernagel Villa -- Fakhry Bey Abd El-Nour Villa -- Zaafaran Palace -- Manial Palace -- Baron Empain Palace -- Youssef Pasha Soliman Villa -- Loutfy Mansour House -- Prince Youssef Kamal Hall -- Palazzina Dr. Ali Pasha Ibrahim -- Mizrahi Pasha Villa -- Sinout Bey Hanna Villa -- Greiss Villa -- Villa of the Papal Nuncio -- Royal Legation of Italy -- El-Chennaoui Villa -- Badrawi-Ashur Palace -- Abaza Villa -- Spahi House -- Hamed Said Studio and House -- Toussoun Abu Gabal House -- El-Mallawany House -- El-Mezlawy Palace.</subfield>
  </datafield>
  <datafield tag="520" ind1=" " ind2=" ">
    <subfield code="a">Egypt's romantic allure does not end with the age of the pharaohs. This lavishly illustrated book offers a look inside the opulent estates of the pashas, khedives, and great ladies of 19th-century Egypt, and the princes and kings of the early 20th century. Here in all its cosmopolitan splendor is the world of unparalleled prosperity that attracted adventurers the world over, from the Belle &#xC9;poque through the Roaring Twenties.--From publisher description.</subfield>
  </datafield>
  <datafield tag="650" ind1=" " ind2="0">
    <subfield code="a">Palaces</subfield>
    <subfield code="z">Egypt.</subfield>
  </datafield>
  <datafield tag="650" ind1=" " ind2="0">
    <subfield code="a">Country homes</subfield>
    <subfield code="z">Egypt.</subfield>
  </datafield>
  <datafield tag="650" ind1=" " ind2="0">
    <subfield code="a">Architecture</subfield>
    <subfield code="z">Egypt</subfield>
    <subfield code="x">History</subfield>
    <subfield code="y">19th century.</subfield>
  </datafield>
  <datafield tag="650" ind1=" " ind2="0">
    <subfield code="a">Architecture</subfield>
    <subfield code="z">Egypt</subfield>
    <subfield code="x">History</subfield>
    <subfield code="y">20th century.</subfield>
  </datafield>
  <datafield tag="700" ind1="0" ind2=" ">
    <subfield code="a">Sherif Sonbol.</subfield>
  </datafield>
  <datafield tag="942" ind1=" " ind2=" ">
    <subfield code="2">ddc</subfield>
    <subfield code="c">BK</subfield>
  </datafield>
  <datafield tag="999" ind1=" " ind2=" ">
    <subfield code="c">60593</subfield>
    <subfield code="d">60593</subfield>
  </datafield>
  <datafield tag="952" ind1=" " ind2=" ">
    <subfield code="0">0</subfield>
    <subfield code="1">0</subfield>
    <subfield code="2">ddc</subfield>
    <subfield code="4">0</subfield>
    <subfield code="7">0</subfield>
    <subfield code="a">CAI</subfield>
    <subfield code="b">CAI</subfield>
    <subfield code="d">2015-03-09</subfield>
    <subfield code="l">0</subfield>
    <subfield code="o">728.82 CC/J E</subfield>
    <subfield code="p">159690</subfield>
    <subfield code="r">2015-03-09 00:00:00</subfield>
    <subfield code="w">2015-03-09</subfield>
    <subfield code="y">BK</subfield>
  </datafield>
</record>
